| 000 | 00798nam a2200241 i 4500 | ||
|---|---|---|---|
| 001 | 181923 | ||
| 003 | ES-MaACL | ||
| 005 | 20231019173630.0 | ||
| 008 | 130507s2011 sp a | |||||||| | spa d | ||
| 020 | _a978-84-930063-1-0 | ||
| 080 | _a726.6(460.233 G.) | ||
| 080 | _a745.52.033.4(460.233 G.) | ||
| 100 | 1 |
_aCastiñeiras, Manuel ( _d1964-) _9152719 |
|
| 245 | 1 | 3 |
_aEl Tapiz de la Creación / _cManuel Castiñeiras. |
| 260 |
_a[Girona] : _bCatedral de Girona, _cD.L. 2011. |
||
| 300 |
_a113 p. : _bil. col. y n. ; _c20 x 20 cm. |
||
| 504 | _aBibliografía: p. 103-112. | ||
| 610 | 2 | 4 |
_aCatedral de Gerona. _9152720 |
| 630 | 0 | 4 |
_aTapiz de la Creación. _9152721 |
| 852 |
_aES-MaACL _jA-12609 _9188831 _bR.148846 _cDEPO1 _dOlim: N-5612 |
||
| 942 |
_2udc _cMONOGRAFIA |
||
| 999 |
_c181923 _d181923 |
||